000 00353nam a2200145Ia 4500
008 150201s2003 xx 000 0 und d
082 _a615.32
_bC2003B
100 _aBENETT,P.N.
245 _aCLINICAL PHARMACOLOGY
250 _a9TH
260 _bCHURCHILL LIVINGSTONE
_aEDINBURGH
_c2003
300 _a1-789
650 _aPHARMACOLOGY
942 _2ddc
_cBK
999 _c2658
_d2658